|
|
|
|
| LEADER |
01022nam a2200277 a 4500 |
| 001 |
013495342 |
| 008 |
101219s2006 enka b 001 0 eng d |
| 999 |
|
|
|c 10273
|d 10273
|
| 020 |
|
|
|a 9781856696036
|
| 020 |
|
|
|a 9781856694544
|
| 040 |
|
|
|a StDuBDS
|b eng
|c StDuBD
|d UK
|d BD-DhAAL
|
| 082 |
0 |
4 |
|a 728.31
|2 22
|
| 100 |
1 |
|
|a Wells, Matthew.
|9 32272
|
| 245 |
1 |
0 |
|a New urban housing /
|c Hilary French.
|
| 260 |
|
|
|a London :
|b Laurence King,
|c 2006.
|
| 300 |
|
|
|a 192 p. :
|b col. ill. (chiefly col.) ;
|c 30 cm.
|
| 500 |
|
|
|a Formerly CIP.
|5 UK
|
| 504 |
|
|
|a Includes bibliographical references (p. 186) and index.
|
| 526 |
|
|
|a ARC
|
| 541 |
1 |
|
|e 00021648
|
| 650 |
|
0 |
|a Architecture, Domestic.
|9 32273
|
| 650 |
|
0 |
|a Housing.
|9 32274
|
| 650 |
|
0 |
|a City planning.
|9 32275
|
| 852 |
4 |
|
|a Ayesha Abed library
|c General Shelf.
|
| 942 |
|
|
|2 ddc
|c BK
|
| 952 |
|
|
|0 0
|1 0
|2 ddc
|4 0
|6 728_310000000000000_WEL
|7 0
|9 13723
|a BRACUL
|b BRACUL
|c GEN
|d 2011-01-02
|e Zeenat Book Supply Ltd.
|g 2593.00
|l 18
|m 107
|o 728.31 WEL
|p 3010021648
|r 2025-09-13
|s 2025-07-22
|t 1
|w 2011-01-02
|y BK
|